| 000 | 00741cam a22002171 4500 | ||
|---|---|---|---|
| 001 | sa 64008232 | ||
| 003 | DLC | ||
| 005 | 20260227112053.0 | ||
| 008 | 720817s1963 xx 000 0 ind | ||
| 010 | _asa 64008232 | ||
| 035 | _a(OCoLC)384284 | ||
| 040 |
_aDLC _cOAU _dDLC |
||
| 042 | _apremarc | ||
| 050 | 0 | 0 |
_aJQ772 _b.A6 |
| 100 | 1 |
_aAbdulgani, Roeslan, _d1914- |
|
| 245 | 1 | 0 |
_aPidato pelantikan Dewan Pembantu Menteri Penerangan dalam pembinaan pers dan Dewan Pertimbangan Pers. _cDiutjapkan oleh Roeslan Abdulgani pada tanggal 8 Djuni 1963, di Djakarta. |
| 260 |
_a[Djakarta] _bDepartemen Penerangan _c[cover 1963] |
||
| 300 |
_a24 p. _c22 cm. |
||
| 500 | _a"Penerbitan chusus, 264." | ||
| 610 | 1 | 0 |
_aIndonesia. _bDepartemen Penerangan. |
| 999 |
_c60763 _d60763 |
||